25 Ciudades más grandes de España en un mapa - Estadísticas

Estadísticas generales
  • Esta prueba ha sido intentada 78 veces
  • La puntuación promedio es 22 de 25
Respuestas en el mapa
Las respuestas están codificadas por una escala verde-roja en el mapa de la prueba según el % correcto abajo.
 
Estadísticas de respuestas
Ciudad Población % Correcto
Barcelona 1,7 million
99%
Madrid 3,4 million
99%
Sevilla 690 mil
99%
Valencia 820 mil
99%
Zaragoza 690 mil
97%
Bilbao 350 mil
96%
Malaga 590 mil
96%
Palma 440 mil
96%
Alicante 360 mil
94%
Valladolid 300 mil
94%
A Coruña 250 mil
93%
Cordoba 325 mil
93%
Granada 235 mil
93%
Las Palmas 380 mil
91%
Murcia 470 mil
91%
Oviedo 225 mil
91%
Vigo 300 mil
91%
Gijon 270 mil
90%
Vitoria-Gasteiz 260 mil
84%
Cartagena 220 mil
81%
Elche 245 mil
79%
Badalona 230 mil
72%
Sabadell 225 mil
72%
L'Hospitalet de Llobregat 280 mil
63%
Tarrassa 230 mil
59%
No se encontraron pruebas coincidentes
Distribución de puntuación
Porcentaje de gente con cada puntuación
Porcentaje por número respondido
Historial de tus puntuaciones
No has intentado esta prueba.